00615nam a2200193Ia 450000500170000000800410001704000190005804100120007708200180008924500780010726000360018530000250022165000140024665100220026085000100028294200070029299900160029995201060031520240224113719.0131103s9999 xx 000 0 und d aLoreto College aEnglish a370.954 bCON aConcept of National Education in India, cNational Council of Education aCalcuttabThe Secretaryc[1967] a124 p.b ill.,tables aEducation aIndia - Education aLCLIB cBK c9057d59536 00102ddc4070aMAINbMAINd2013-11-04l0o370.954 CON 26048pB8933r2013-11-04w2013-11-04yBKf